Normal view
MARC view
Entry Personal Name
001 - CONTROL NUMBER
- control field: 623829
003 - CONTROL NUMBER IDENTIFIER
- control field: OSt
005 - DATE AND TIME OF LATEST TRANSACTION
- control field: 20221005104725.0
008 - FIXED-LENGTH DATA ELEMENTS
- fixed length control field: 221005|| aca||aabn | a|a d
040 ## - CATALOGING SOURCE
- Original cataloging agency: OSt
- Transcribing agency: OSt
100 ## - HEADING--PERSONAL NAME
- Personal name: सिद्वान्तशिरोमणि, विश्वेश्वर, अनु
670 ## - SOURCE DATA FOUND
- Source citation: Work cat.: (OSt)1013599: वामन, काव्यालšाकारसूत्रवृत्ति, 1994
